00000000nam##2200000za#4500
0019.662503
003CaOODSP
00520200330101854
007ta
008150407|2001||||xxc|||||     f|0| 0 eng|d
020 |a0-662-65476-5
040 |aCaOODSP|beng
041 |aeng
041 |afre
043 |an-cn---
0861 |aSW21-67/2001
1101 |aCanada. |bStatus of Women Canada.
24510|aEconomic impact of health, income security and labour policies on informal caregivers of frail seniors / |cby Janet Fast, Jacquie Eales and Norah Keating.
260 |aOttawa - Ontario : |bStatus of Women Canada |c2001.
300 |aEnglish text, vi, 79p. ; |c28 cm.
500 |a"The first objective of this project was to analyze the economic impact of current health, income security and labour programs by type of informal caregiver, and region of the country. The second objective was to develop a policy analysis framework to facilitate ongoing evaluation of the impact of any policy instrument on the economic costs to informal caregivers of frail seniors."--Executive Summary.
546 |aBilingual
563 |aSoftcover
590 |a01-17|b2001-04-27
69007|aCaregivers|2gcpds
69007|aIncome security|2gcpds
69007|aLabour law|2gcpds
69007|aHealth care|2gcpds
7201 |aKeating, Norah
7201 |aFast, Janet
7201 |aEales, Jacquie
7760#|tL'incidence économique des politiques en matière de santé, de sécurité du revenu et de travail sur les prestataires bénévoles de soins aux personnes âgées en perte d'autonomie / |w(CaOODSP)9.632882
7760#|tEconomic impact of health, income security and labour policies on informal caregivers of frail seniors / |w(CaOODSP)9.688458
792 |tL'incidence économique des politiques en matière de santé, de sécurité du revenu et de travail sur les prestataires bénévoles de soins aux personnes âgées en perte d'autonomie / |efre|w(CaOODSP)9.662504